Chansons françaises des années 1970 par paroles A-Z - Statistiques

Statistiques générales
  • Ce quiz a été pris 72 fois
  • Le résultat moyen est 13 sur 24
Statistiques - réponses
Paroles Chansons % Correct
C Et partout dans la rue
J'veux qu'on parle de moi
Que les filles soient nues
Qu'elles se jettent sur moi
Qu'elles m'admirent qu'elles me tuent
Qu'elles s'arrachent ma vertu
Le {chanteur}
98%
J Elle a gommé les chiffres des horloges du quartier
Elle a fait de ma vie des cocottes en papier
Des éclats de rire
Elle a bâti des ponts entre nous et le ciel
Et nous les traversons à chaque fois qu'elle
Ne veut pas dormir Ne veut pas dormir
Je l'aime à mourir
86%
A Lentement
Les ailes déployées
Lentement
Je le vis tournoyer
Près de moi
Dans un bruissement d'ailes
Comme tombé du ciel
L'oiseau vint se poser
L'{aigle noir}
84%
D Je réchauffais ma vie
À son sourire
Moi j'avais le soleil
Nuit et jour
Dans les yeux de l'amour
Dans les yeux d'Émilie
69%
R On a tous dans l'cœur le ticket pour Liverpool
Sortie d'scène hélicoptère pour échapper à la foule
Excuse me Sir mais j'entends plus Big Ben qui sonne
Des scarabées bourdonnent, c'est la folie à London
Et les Beatles chantaient (et les Beatles chantaient) Et les Beatles chantaient (et les Beatles chantaient) Un truc qui m'colle encore au cœur et au corps
Rockollection
67%
S C'est une maison bleue
Adossée à la colline
On y vient à pied
On ne frappe pas
Ceux qui vivent là
Ont jeté la clé
San Francisco
66%
L Moi je vis
D'amour et de rires
Je vis
Comme si y avait rien à dire
J'ai tout le temps
D'écrire mes mémoires
D'écrire mon histoire
À l'encre bleue
Laissez-moi danser
62%
P J'ai pris une dose de whisky
Afin de préparer mon sermon
Je n'ai pas fermé l'œil de la nuit
Je me posais bien trop de questions
Au petit matin Dieu m'est apparu
Et il m'a donné la solution
Aussitôt vers l'église j'ai couru
Parler à mes fidèles sur ce ton
Mes bien chers frères mes bien chères sœurs
Reprenez avec moi tous en chœur
Pas de boogie woogie
62%
G Oh fini fini pour moi
Je ne veux plus voir mon image dans tes yeux
Dix ans de chaînes sans voir le jour c'était ma peine forçat de l'amour
Et bonne chance à celui qui veut ma place
Oui dix ans de chaînes sans voir le jour c'était ma peine forçat de l'amour
Oui j'ai refusé mourir d'amour enchaîné
Gabrielle
60%
Z Elle dit nous allons planter l'décor ogué ogué
De l'appareil masculin d'abord ogué ogué
Elle s'approche du tableau noir on va p-têt' enfin savoir
Quel est ce monstre sacré qui a donc tant de pouvoir
Et sans hésiter elle nous dessine
Le p'tit chose et les deux orphelines
Le {zizi}
59%
B Journaliste pour ta première page
Tu peux écrire tout ce que tu veux
Je t'offre un titre formidable ________ Je t'offre un titre formidable ________
Toi qui as planté un arbre
Dans ton petit jardin de banlieue
La {ballade des gens heureux}
57%
M Il est 6 heures au clocher de l'église
Dans le square les fleurs poétisent
Une fille va sortir de la mairie
Comme chaque soir je l'attends elle me sourit
Il faudrait que je lui parle à tout prix
Les mots bleus
55%
O Beau le bateau
Dansant sur les vagues
Ivre de vie d'amour et de vent
Belle la chanson
Naissante des vagues
Abandonnée au sable blanc
L'{oiseau et l'enfant}
50%
K ________
As you love me
Prends un coca
Et assieds-toi
________
As you love me
Ferme les yeux
Écoute-moi
Kiss me
48%
U Ziggy
Il s'appelle Ziggy
Je suis folle de lui
La première fois que je l'ai vu
Je m'suis j'tée sur lui dans la rue
J'lui ai seul'ment dit
Que j'avais envie de lui
Un garçon pas comme les autres (Ziggy)
48%
E Tous les hommes vont en galère
À la pêche ou à la guerre
________
La fleur au bout du fusil
La victoire se gagne aussi
________
En chantant
47%
H Être né sous l'signe de l'________
C'est pas c'qu'on fait d'mieux en c'moment
Et le roi des cons, sur son trône
J'parierai pas qu'il est all'mand
Hexagone
45%
F Mais je suis seul dans l'univers
J'ai peur du ciel et de l'hiver
J'ai peur des fous et de la guerre
J'ai peur du temps qui passe dis
Comment peut-on vivre aujourd'hui
Dans la fureur et dans le bruit
Je ne sais pas je ne sais plus
Je suis perdu
Fais comme l'oiseau
36%
N Et pourtant bien des gens ont chanté avec nous
Et pourtant bien des gens se sont mis à genoux
Pour prier (oui pour prier) Pour prier (oui pour prier)
Mais j'ai vu tous les jours à la télévision
Même le soir de Noël, des fusils des canons
J'ai pleuré (oui j'ai pleuré)
J'ai pleuré
Qui pourra m'expliquer que
Non non rien n'a changé
33%
Q Pour moi y a longtemps qu'c'est fini
J'comprends plus grand-chose
Aujourd'hui
Mais j'entends quand même
Des choses que j'aime
Et ça distrait ma vie
Quand j'étais chanteur
33%
Y Viens à la maison
Tous les oiseaux t'attendent
Près des grands étangs bleus
Et dans les chemins creux
On ira tous les deux
Oublier sera facile
Y a le printemps qui chante
29%
I Et Jude habite seule
Un cottage à Chelsea
John et Paul je crois sont les seuls
À qui elle ait écrit
Le vieux sergent Peppers
A perdu ses médailles
Au dernier refrain d'Hello Goodbye
Hello Goodbye
Il a neigé sur Yesterday
28%
V Les vapeurs d'alcool
Ça je les connais bien
Les cheveux qui collent
Au front des musiciens
Et c'est difficile
Le choix d'une vie
Je rêve de choses dont j'ai réellement envie
Vancouver
26%
T ________ Oui mais moi je fais comme si je ne la sentais pas
Je ne bronche pas car j'ai le moral et je me dis
Qu'après la pluie vient le beau temps
Et moi j'ai tout mon temps
Toute la pluie tombe sur moi
12%
Aucun quiz correspondant
Distribution des résultats
% des personnes avec chaque résultat
Percentile par nombre de réponses
Votre historique - résultats
Vous n’avez pas pris ce quiz